LIBRARY & INFORMATION CENTRE, KCAET, TAVANUR

ONLINE PUBLIC ACCESS CATALOGUE (OPAC)

Fundamentals of agriculture, Vol.1 (Record no. 14820)

MARC details
000 -LEADER
fixed length control field 00330nam a22001337a 4500
020 ## - INTERNATIONAL STANDARD BOOK NUMBER
ISBN 9788186099704
082 ## - DEWEY DECIMAL CLASSIFICATION NUMBER
Classification number 630
Item number ARU/FU
100 ## - MAIN ENTRY--AUTHOR NAME
Personal name Arun Katyayan
245 ## - TITLE STATEMENT
Title Fundamentals of agriculture, Vol.1
250 ## - EDITION STATEMENT
Edition statement 6th
260 ## - PUBLICATION, DISTRIBUTION, ETC. (IMPRINT)
Place of publication Varanasi
Name of publisher Kushal Publications and Distributors
Year of publication 2017
300 ## - PHYSICAL DESCRIPTION
Number of Pages 476p.
942 ## - ADDED ENTRY ELEMENTS (KOHA)
Koha item type Books
Holdings
Withdrawn status Lost status Damaged status Collection code Home library Current library Shelving location Date acquired Source of acquisition Cost, normal purchase price Full call number Accession Number Koha item type
        KAUAET KAUAET General Stacks 30/03/2017 Aman Books 280.00 630 ARU/FU 25539 Books
        KAUAET KAUAET General Stacks 30/03/2017 Aman Books 280.00 630 ARU/FU 25540 Books
        KAUAET KAUAET General Stacks 31/03/2018 Vigyan Books 300.00 630 ARU/FU 25685 Books
        KAUAET KAUAET General Stacks 31/03/2018 Vigyan Books 300.00 630 ARU/FU 25686 Books
free website counter